| 000 | 01084nam a2200241 a 4500 | ||
|---|---|---|---|
| 001 | 000041261 | ||
| 005 | 20201002034732.0 | ||
| 008 | 130927s2001 sp 000 0 spa d | ||
| 020 | _a8400063007 | ||
| 040 |
_aDO-SdBNP _bspa _cBNPHU |
||
| 100 | 1 |
_aCabello Balboa, Miguel _967867 |
|
| 245 | 1 | 0 |
_aDescripción de la provincia de Esmeraldas / _cedición Miguel Cabello Balboa ; introducción y no tas de José Alcina Franch. |
| 260 |
_aMadrid : _bInstituto de Historia, Departamento de Historia de América : _bConsejo Superior de Investigaciones Científicas, _c2001.1. |
||
| 300 |
_a133 p. ; _c24 cm. |
||
| 490 | 1 |
_aTierra nueva e cielo nuevo _v30 |
|
| 504 | _aIncluye referencias bibliográficas y notas al pie de las páginas | ||
| 504 | _aBibliografía : p. [131]-133 | ||
| 700 | 1 |
_aAlcina Franch, Jose, _eed. _967868 |
|
| 700 | 1 |
_aAlcina Franch, José _d1922-2001 _eed. _967869 |
|
| 710 | 2 |
_aConsejo Superior de Investigaciones Científicas _94786 |
|
| 710 | 2 |
_aInstituto de Historia, Departamento de Historia de América _967870 |
|
| 830 | 0 |
_aTierra nueva e cielo nuevo _v30 _915388 |
|
| 999 |
_c40751 _d40751 |
||